书目信息 |
| 题名: |
世界传媒产业评论
|
|
| 作者: | 吴信训 主编 | |
| 分册: | 第9辑 | |
| 出版信息: | 北京 中国国际广播出版社 2012.09 |
|
| 页数: | 249页 | |
| 开本: | 24cm | |
| 丛书名: | ||
| 单 册: | ||
| 中图分类: | G219.1-53 | |
| 科图分类: | ||
| 主题词: | 传播媒介--产业经济学--世界--文集 , 传播媒介 , 产业经济学 | |
| 电子资源: | ||
| ISBN: | 978-7-5078-3476-5 | |
| 000 | 01078nam0 2200277 450 | |
| 001 | 010010018945 | |
| 005 | 20130704165841.01 | |
| 010 | @a978-7-5078-3476-5@dCNY34.80 | |
| 100 | @a20121011d2012 em y0chiy50 ea | |
| 101 | 0 | @achi@eeng |
| 102 | @aCN@b110000 | |
| 105 | @aak z 000yy | |
| 106 | @ar | |
| 200 | 1 | @a世界传媒产业评论@9shi jie chuan mei chan ye ping lun@h第9辑@dInternational media industry review@hVol. 9@f吴信训主编@zeng |
| 210 | @a北京@c中国国际广播出版社@d2012.09 | |
| 215 | @a249页@c图@d24cm | |
| 300 | @a上海市高校人文社会科学重点研究基地基金资助 上海市高等教育内涵建设“085”工程项目成果 | |
| 330 | @a本书分为新媒体研究前沿报告;新媒体产业经营的创新视角两部分,主要内容包括:英国2011年互联网调查报告;中国新媒体发展2012年度系列报告等。 | |
| 510 | 1 | @aInternational media industry review@hVol. 9@zeng |
| 606 | 0 | @a传播媒介@x产业经济学@y世界@j文集 |
| 606 | 0 | @a传播媒介 |
| 606 | 0 | @a产业经济学 |
| 690 | @aG219.1-53@v5 | |
| 701 | 0 | @a吴信训@9wu xin xun@f(1949-)@4主编 |
| 801 | 0 | @aCN@bRENTIAN@c20121011 |
| 905 | @b542677-81@dG219.1-53@e599@f5 | |
| 世界传媒产业评论.第9辑=International media industry review.Vol. 9/吴信训主编.-北京:中国国际广播出版社,2012.09 |
| 249页:图;24cm |
| 上海市高校人文社会科学重点研究基地基金资助 上海市高等教育内涵建设“085”工程项目成果 |
| ISBN 978-7-5078-3476-5:CNY34.80 |
| 本书分为新媒体研究前沿报告;新媒体产业经营的创新视角两部分,主要内容包括:英国2011年互联网调查报告;中国新媒体发展2012年度系列报告等。 |
| ● |
| 相关链接 |
|
|
|
|
正题名:世界传媒产业评论
索取号:G219.1-53/599
 
预约/预借
| 序号 | 登录号 | 条形码 | 馆藏地/架位号 | 状态 | 备注 |
| 1 | 542677 | 205426779 | 第一样本阅览室/ [索取号:G219.1-53/599] | 在馆 | |
| 2 | 542678 | 205426788 | 第四借阅区/ [索取号:G219.1-53/599] | 在馆 | |
| 3 | 542679 | 205426797 | 第四借阅区/ [索取号:G219.1-53/599] | 在馆 | |
| 4 | 542680 | 205426804 | 第四借阅区/ [索取号:G219.1-53/599] | 在馆 | |
| 5 | 542681 | 205426813 | 密集书库-文学院/ [索取号:G219.1-53/599] | 在馆 |